000
00303nam a22001337a 4500
008
170213b xxu||||| |||| 00| 0 eng d
020
_a
9780763749132
041
_a
eng
080
_2
3RD
_a
61
100
_a
4
101
_a
SHM
245
_a
ESSENTIALS MEDICAL TERMINOLOGY
_c
STANFIELD, P
942
_2
udc
_c
BK
999
_c
5317
_d
5317